<?xml version="1.0" encoding="UTF-8"?>
<record
    xmlns:xsi="http://www.w3.org/2001/XMLSchema-instance"
    xsi:schemaLocation="http://www.loc.gov/MARC21/slim http://www.loc.gov/standards/marcxml/schema/MARC21slim.xsd"
    xmlns="http://www.loc.gov/MARC21/slim">

  <leader>00868nam a22001577a 4500</leader>
  <controlfield tag="003">OSt</controlfield>
  <controlfield tag="005">20160206150633.0</controlfield>
  <controlfield tag="008">160206b        xxu||||| |||| 00| 0 eng d</controlfield>
  <datafield tag="040" ind1=" " ind2=" ">
    <subfield code="c">RUA</subfield>
  </datafield>
  <datafield tag="082" ind1=" " ind2=" ">
    <subfield code="a">MGR SON 2004 B371 Or.1</subfield>
  </datafield>
  <datafield tag="100" ind1=" " ind2=" ">
    <subfield code="9">6943</subfield>
    <subfield code="a">SONG, KHEANG, &#x179F;&#x17BB;&#x1784; &#x1783;&#x17B6;&#x1784;</subfield>
  </datafield>
  <datafield tag="245" ind1=" " ind2=" ">
    <subfield code="a">A comparative study of community based fishery and forestry initiatives in sre ambel district koh kong province, &#x179F;&#x17B7;&#x1780;&#x17D2;&#x179F;&#x17B6;&#x1794;&#x17D2;&#x179A;&#x17C0;&#x1794;&#x1792;&#x17C0;&#x1794;&#x1780;&#x17B6;&#x179A;&#x179A;&#x17C0;&#x1794;&#x1785;&#x17C6;&#x1795;&#x17D2;&#x178A;&#x17BD;&#x1785;&#x1795;&#x17D2;&#x178A;&#x17BE;&#x1798;&#x1782;&#x17D2;&#x179A;&#x1794;&#x17CB;&#x1782;&#x17D2;&#x179A;&#x1784;&#x1792;&#x1793;&#x1792;&#x17B6;&#x1793;&#x1792;&#x1798;&#x17D2;&#x1798;&#x1787;&#x17B6;&#x178F;&#x17B7;&#x178A;&#x17C4;&#x1799;&#x1795;&#x17D2;&#x17A2;&#x17C2;&#x1780;&#x179B;&#x17BE;&#x179F;&#x1798;&#x17B6;&#x1782;&#x1798;&#x1793;&#x17CD;&#x1793;&#x17C1;&#x179F;&#x17B6;&#x1791; &#x1793;&#x17B7;&#x1784;&#x200B;&#x179F;&#x1798;&#x17B6;&#x1782;&#x1793;&#x17CD;&#x1796;&#x17D2;&#x179A;&#x17C3;&#x1788;&#x17BE; &#x1780;&#x17D2;&#x1793;&#x17BB;&#x1784;&#x179F;&#x17D2;&#x179A;&#x17BB;&#x1780;&#x179F;&#x17D2;&#x179A;&#x17C2;&#x17A2;&#x17C6;&#x1794;&#x17B7;&#x179B; &#x1781;&#x17C1;&#x178F;&#x17D2;&#x178F;&#x1780;&#x17C4;&#x17C7;&#x1780;&#x17BB;&#x1784;</subfield>
  </datafield>
  <datafield tag="260" ind1=" " ind2=" ">
    <subfield code="a">Phnom Penh</subfield>
    <subfield code="b">RUA</subfield>
    <subfield code="c">2004</subfield>
  </datafield>
  <datafield tag="300" ind1=" " ind2=" ">
    <subfield code="a">xiii; 78p.</subfield>
    <subfield code="b">ill.</subfield>
    <subfield code="c">29cm.</subfield>
  </datafield>
  <datafield tag="942" ind1=" " ind2=" ">
    <subfield code="2">ddc</subfield>
    <subfield code="c">NRM</subfield>
  </datafield>
  <datafield tag="999" ind1=" " ind2=" ">
    <subfield code="c">6533</subfield>
    <subfield code="d">6533</subfield>
  </datafield>
  <datafield tag="952" ind1=" " ind2=" ">
    <subfield code="0">0</subfield>
    <subfield code="1">0</subfield>
    <subfield code="2">ddc</subfield>
    <subfield code="4">0</subfield>
    <subfield code="6">MGR_SON_2004_000000000000000_B371_OR_1</subfield>
    <subfield code="7">0</subfield>
    <subfield code="9">37208</subfield>
    <subfield code="a">LBB</subfield>
    <subfield code="b">LBB</subfield>
    <subfield code="c">B371</subfield>
    <subfield code="d">2016-02-06</subfield>
    <subfield code="o">MGR SON 2004 B371 Or.1</subfield>
    <subfield code="p">RUA053482</subfield>
    <subfield code="r">2016-02-06</subfield>
    <subfield code="w">2016-02-06</subfield>
    <subfield code="y">NRM</subfield>
  </datafield>
  <datafield tag="952" ind1=" " ind2=" ">
    <subfield code="0">0</subfield>
    <subfield code="1">0</subfield>
    <subfield code="2">ddc</subfield>
    <subfield code="4">0</subfield>
    <subfield code="6">MGR_SON_2004_000000000000000_B371_OR_2</subfield>
    <subfield code="7">0</subfield>
    <subfield code="9">37209</subfield>
    <subfield code="a">LBB</subfield>
    <subfield code="b">LBB</subfield>
    <subfield code="c">B371</subfield>
    <subfield code="d">2016-02-06</subfield>
    <subfield code="o">MGR SON 2004 B371 Or.2</subfield>
    <subfield code="p">RUA049786</subfield>
    <subfield code="r">2016-02-06</subfield>
    <subfield code="w">2016-02-06</subfield>
    <subfield code="y">NRM</subfield>
  </datafield>
  <datafield tag="952" ind1=" " ind2=" ">
    <subfield code="0">0</subfield>
    <subfield code="1">0</subfield>
    <subfield code="2">ddc</subfield>
    <subfield code="4">0</subfield>
    <subfield code="6">MGR_SON_2004_000000000000000_B371_OR_3</subfield>
    <subfield code="7">0</subfield>
    <subfield code="9">37210</subfield>
    <subfield code="a">LBB</subfield>
    <subfield code="b">LBB</subfield>
    <subfield code="c">B371</subfield>
    <subfield code="d">2016-02-06</subfield>
    <subfield code="o">MGR SON 2004 B371 Or.3</subfield>
    <subfield code="p">RUA049478</subfield>
    <subfield code="r">2016-02-06</subfield>
    <subfield code="w">2016-02-06</subfield>
    <subfield code="y">NRM</subfield>
  </datafield>
  <datafield tag="952" ind1=" " ind2=" ">
    <subfield code="0">0</subfield>
    <subfield code="1">0</subfield>
    <subfield code="2">ddc</subfield>
    <subfield code="4">0</subfield>
    <subfield code="6">MGR_SON_2004_000000000000000_B371_OR_4</subfield>
    <subfield code="7">0</subfield>
    <subfield code="9">37211</subfield>
    <subfield code="a">LBB</subfield>
    <subfield code="b">LBB</subfield>
    <subfield code="c">B371</subfield>
    <subfield code="d">2016-02-06</subfield>
    <subfield code="l">3</subfield>
    <subfield code="o">MGR SON 2004 B371 Or.4</subfield>
    <subfield code="p">RUA050104</subfield>
    <subfield code="r">2025-10-27</subfield>
    <subfield code="s">2025-08-18</subfield>
    <subfield code="w">2016-02-06</subfield>
    <subfield code="y">NRM</subfield>
  </datafield>
  <datafield tag="952" ind1=" " ind2=" ">
    <subfield code="0">0</subfield>
    <subfield code="1">0</subfield>
    <subfield code="2">ddc</subfield>
    <subfield code="4">0</subfield>
    <subfield code="6">MGR_SON_2004_000000000000000_B371_OR_5</subfield>
    <subfield code="7">0</subfield>
    <subfield code="9">37212</subfield>
    <subfield code="a">LBB</subfield>
    <subfield code="b">LBB</subfield>
    <subfield code="c">B371</subfield>
    <subfield code="d">2016-02-06</subfield>
    <subfield code="o">MGR SON 2004 B371 Or.5</subfield>
    <subfield code="p">RUA050601</subfield>
    <subfield code="r">2016-02-06</subfield>
    <subfield code="w">2016-02-06</subfield>
    <subfield code="y">NRM</subfield>
  </datafield>
  <datafield tag="952" ind1=" " ind2=" ">
    <subfield code="0">0</subfield>
    <subfield code="1">0</subfield>
    <subfield code="2">ddc</subfield>
    <subfield code="4">0</subfield>
    <subfield code="6">MGR_SON_2004_000000000000000_B371_OR_6</subfield>
    <subfield code="7">0</subfield>
    <subfield code="9">37213</subfield>
    <subfield code="a">LBB</subfield>
    <subfield code="b">LBB</subfield>
    <subfield code="c">B371</subfield>
    <subfield code="d">2016-02-06</subfield>
    <subfield code="l">1</subfield>
    <subfield code="o">MGR SON 2004 B371 Or.6</subfield>
    <subfield code="p">RUA052216</subfield>
    <subfield code="r">2017-10-13</subfield>
    <subfield code="s">2017-10-09</subfield>
    <subfield code="w">2016-02-06</subfield>
    <subfield code="y">NRM</subfield>
  </datafield>
</record>
